Statistiques concernant Reliez les Premiers Ministres à leur Président (Ve République)

Cliquez ici pour prendre le quiz!

Statistiques générales

  • Ce quiz a été pris 284 fois
  • Le résultat moyen est 15 sur 23

Statistiques - réponses

HintRéponse% Correct
Manuel VallsFrançois Hollande
93%
François FillonNicolas Sarkozy
92%
Édouard PhilippeEmmanuel Macron
91%
Élisabeth BorneEmmanuel Macron
91%
Jean CastexEmmanuel Macron
86%
Lionel JospinJacques Chirac
81%
Alain JuppéJacques Chirac
76%
Georges PompidouCharles de Gaulle
72%
Jean-Marc AyraultFrançois Hollande
69%
Dominique de VillepinJacques Chirac
68%
Édith CressonFrançois Mitterrand
66%
Bernard CazeneuveFrançois Hollande
63%
Pierre BérégovoyFrançois Mitterrand
61%
Jean-Pierre RaffarinJacques Chirac
61%
Michel DebréCharles de Gaulle
60%
Michel RocardFrançois Mitterrand
59%
Laurent FabiusFrançois Mitterrand
58%
Édouard BalladurFrançois Mitterrand
56%
Maurice Couve de MurvilleCharles de Gaulle
52%
Pierre MauroyFrançois Mitterrand
50%
Raymond BarreValéry Giscard d'Estaing
49%
Pierre MessmerGeorges Pompidou
46%
Jacques Chaban-DelmasGeorges Pompidou
45%

Distribution des résultats

Percentile par nombre de réponses

% des personnes avec chaque résultat

Votre développement - résultats

Vous n’avez pas pris ce quiz